00365nam a2200133Ia 4500008004100000020001500041041001200056082001600068100002200084245006400106260003900170300000800209650001400217221030s9999 xx 000 0 und d a8173193932 aEnglish a105.23bCha aD. K. Chakrabarty 3aAn Introduction to Physical Chemistrycby D. K. Chakrabarty bNarosa Pub. HouseaNew Delhic2001 a399 aChemistry